000
00245nam a22001097a 4500
082
_a
621.3 RAP
100
_a
RAPSON,E.T.A
_9
59201
245
_a
EXPERIMENTAL ELECTRICAL ENGINEERING
260
_a
LONDON
_b
PDF
_c
1957
300
_a
205P
942
_c
BK
999
_c
569236
_d
569236